000 01215nam a2200229Ia 4500
001 L490-25687
003 IT-CnALBA
008 170116s9999||||xx |||||||||||||| ||und||
040 _aIT-CnALBA
_cIT-CnALBA
041 _aEBRAICO
100 _aGISMONDI H., SJ.
245 0 _aLINGUAE HEBRAICAE ELEMENTA ET CHRESTOMATHIA CUM GLOSSARIO.
250 _a1a ed.
260 _a ROMA
_bDE CARLO EDITORE, S.R.L.
_c1906 [1° Ed.:1906 - Ed.Ling.Originale: 1906]
300 _a78 p.
500 _aELEMENTI DELLA LINGUA EBRAICA CRESTOMAZIA VOCABOLARIO. LETTERE DELL'ALFABETO EBRAICO. CONIUGAZIONE DEI VERBI. CONSONANTI E VOCALI. PROPRIETÀ DELLE CONSONANTI E VOCALI. PRONOME. VERBO. VERBI DEBOLI. NOME. PARTICELLE STORIA SINTETICA DELLA SALVEZZA.
501 _aSocietà San Paolo EM - Piazza San Paolo, 14 - 12051 ALBA (CN) (non commercial uses only) ® Copyright 2017
520 _aELEMENTI DELLA LINGUA EBRAICA CRESTOMAZIA VOCABOLARIO. LETTERE DELL'ALFABETO EBRAICO. CONIUGAZIONE DEI VERBI. CONSONANTI E VOCALI. PROPRIETÀ DELLE CONSONANTI E VOCALI. PRONOME. VERBO. VERBI DEBOLI. NOME. PARTICELLE STORIA SINTETICA DELLA SALVEZZA.
650 _aGRAMMATICHE DI ALTRE LINGUE
942 _cBK
957 _71
999 _a30474
_bSI
_g Copie: 1
_c284800
_d284800